<?xml version="1.0" encoding="UTF-8"?>
<record
    xmlns:xsi="http://www.w3.org/2001/XMLSchema-instance"
    xsi:schemaLocation="http://www.loc.gov/MARC21/slim http://www.loc.gov/standards/marcxml/schema/MARC21slim.xsd"
    xmlns="http://www.loc.gov/MARC21/slim">

  <leader>01869nam a22002297a 4500</leader>
  <controlfield tag="005">20230127142859.0</controlfield>
  <controlfield tag="008">230127b           ||||| |||| 00| 0 eng d</controlfield>
  <datafield tag="020" ind1=" " ind2=" ">
    <subfield code="a">9788170287520</subfield>
  </datafield>
  <datafield tag="040" ind1=" " ind2=" ">
    <subfield code="c">AL</subfield>
  </datafield>
  <datafield tag="041" ind1=" " ind2=" ">
    <subfield code="a">hin</subfield>
  </datafield>
  <datafield tag="082" ind1=" " ind2=" ">
    <subfield code="2">23</subfield>
    <subfield code="a">H891.4</subfield>
    <subfield code="b">KRIP</subfield>
  </datafield>
  <datafield tag="100" ind1=" " ind2=" ">
    <subfield code="a">J Krishnamurthy: &#x91C;&#x947; &#x915;&#x943;&#x937;&#x94D;&#x923;&#x93E;&#x92E;&#x942;&#x930;&#x94D;&#x924;&#x93F; </subfield>
    <subfield code="9">70011</subfield>
  </datafield>
  <datafield tag="245" ind1=" " ind2=" ">
    <subfield code="a">Pratham aur antim mukti: </subfield>
    <subfield code="b">&#x92A;&#x94D;&#x930;&#x925;&#x92E; &#x914;&#x930; &#x905;&#x902;&#x924;&#x93F;&#x92E; &#x92E;&#x941;&#x915;&#x94D;&#x924;&#x93F; </subfield>
  </datafield>
  <datafield tag="260" ind1=" " ind2=" ">
    <subfield code="a">Dilli</subfield>
    <subfield code="b">Rajpal</subfield>
    <subfield code="c">2008</subfield>
  </datafield>
  <datafield tag="300" ind1=" " ind2=" ">
    <subfield code="a">xii,230p.</subfield>
    <subfield code="b">PB</subfield>
    <subfield code="c">21x14cm.</subfield>
  </datafield>
  <datafield tag="365" ind1=" " ind2=" ">
    <subfield code="2">Hindi</subfield>
    <subfield code="a">1831</subfield>
    <subfield code="b">149.00</subfield>
    <subfield code="c">&#x20B9;</subfield>
    <subfield code="d">175.00</subfield>
    <subfield code="e">15%</subfield>
    <subfield code="f">11-12-2022</subfield>
  </datafield>
  <datafield tag="520" ind1=" " ind2=" ">
    <subfield code="a">&#x907;&#x938; &#x92A;&#x941;&#x938;&#x94D;&#x924;&#x915; &#x92E;&#x947;&#x902; &#x91C;&#x947;. &#x915;&#x943;&#x937;&#x94D;&#x923;&#x92E;&#x942;&#x930;&#x94D;&#x924;&#x93F; &#x915;&#x940; &#x905;&#x902;&#x924;&#x926;&#x943;&#x937;&#x94D;&#x91F;&#x93F;&#x92F;&#x94B;&#x902; &#x915;&#x93E; &#x935;&#x94D;&#x92F;&#x93E;&#x92A;&#x915; &#x938;&#x93E;&#x930;&#x917;&#x930;&#x94D;&#x92D;&#x93F;&#x924; &#x92A;&#x930;&#x93F;&#x91A;&#x92F; &#x924;&#x925;&#x93E; &#x909;&#x928;&#x92E;&#x947;&#x902; &#x938;&#x939;&#x92D;&#x93E;&#x917;&#x93F;&#x924;&#x93E; &#x915;&#x93E; &#x91A;&#x941;&#x928;&#x94C;&#x924;&#x940;-&#x92D;&#x930;&#x93E; &#x928;&#x93F;&#x92E;&#x902;&#x924;&#x94D;&#x930;&#x923; &#x92A;&#x94D;&#x930;&#x93E;&#x92A;&#x94D;&#x924; &#x939;&#x94B;&#x924;&#x93E; &#x939;&#x948;&#x964; &#x915;&#x943;&#x937;&#x94D;&#x923;&#x92E;&#x942;&#x930;&#x94D;&#x924;&#x93F; &#x915;&#x940; &#x936;&#x93F;&#x915;&#x94D;&#x937;&#x93E;&#x913;&#x902; &#x915;&#x947; &#x935;&#x93F;&#x935;&#x93F;&#x927; &#x938;&#x930;&#x94B;&#x915;&#x93E;&#x930;&#x94B;&#x902; &#x915;&#x93E; &#x938;&#x92E;&#x93E;&#x935;&#x947;&#x936; &#x907;&#x938; &#x90F;&#x915; &#x92A;&#x941;&#x938;&#x94D;&#x924;&#x915; &#x92E;&#x947;&#x902; &#x909;&#x92A;&#x932;&#x92C;&#x94D;&#x927; &#x939;&#x948; &#x91C;&#x94B; &#x905;&#x902;&#x917;&#x94D;&#x930;&#x947;&#x91C;&#x93C;&#x940; &#x92A;&#x941;&#x938;&#x94D;&#x924;&#x915; '&#x926; &#x92B;&#x938;&#x94D;&#x930;&#x94D;&#x91F; &#x90F;&#x902;&#x921; &#x932;&#x93E;&#x938;&#x94D;&#x91F; &#x92B;&#x94D;&#x930;&#x940;&#x921;&#x92E;' &#x915;&#x93E; &#x905;&#x928;&#x941;&#x935;&#x93E;&#x926; &#x939;&#x948;&#x964; &#x907;&#x938; &#x92A;&#x941;&#x938;&#x94D;&#x924;&#x915; &#x915;&#x93E; &#x92A;&#x94D;&#x930;&#x915;&#x93E;&#x936;&#x928; 1954 &#x92E;&#x947;&#x902; &#x939;&#x941;&#x906; &#x925;&#x93E; &#x932;&#x947;&#x915;&#x93F;&#x928; &#x906;&#x91C; &#x92D;&#x940; &#x92F;&#x939; &#x92A;&#x941;&#x938;&#x94D;&#x924;&#x915; &#x915;&#x943;&#x937;&#x94D;&#x923;&#x92E;&#x942;&#x930;&#x94D;&#x924;&#x93F; &#x915;&#x940; &#x938;&#x930;&#x94D;&#x935;&#x93E;&#x927;&#x93F;&#x915; &#x92A;&#x922;&#x93C;&#x940; &#x91C;&#x93E;&#x928;&#x947; &#x935;&#x93E;&#x932;&#x940; &#x92A;&#x941;&#x938;&#x94D;&#x924;&#x915;&#x94B;&#x902; &#x92E;&#x947;&#x902; &#x938;&#x947; &#x90F;&#x915; &#x939;&#x948;&#x964;</subfield>
  </datafield>
  <datafield tag="650" ind1=" " ind2=" ">
    <subfield code="a">Hindi Prose: &#x939;&#x93F;&#x902;&#x926;&#x940; &#x917;&#x927;&#x94D;&#x92F; </subfield>
    <subfield code="9">70008</subfield>
  </datafield>
  <datafield tag="650" ind1=" " ind2=" ">
    <subfield code="a">Hindi Literature: &#x939;&#x93F;&#x902;&#x926;&#x940; &#x938;&#x93E;&#x939;&#x93F;&#x924;&#x94D;&#x92F; </subfield>
    <subfield code="9">70009</subfield>
  </datafield>
  <datafield tag="700" ind1=" " ind2=" ">
    <subfield code="a">KRISHNAMURTHY (J): &#x915;&#x943;&#x937;&#x94D;&#x923;&#x93E;&#x92E;&#x942;&#x930;&#x94D;&#x924;&#x93F; (&#x91C;&#x947;)</subfield>
    <subfield code="9">70010</subfield>
  </datafield>
  <datafield tag="942" ind1=" " ind2=" ">
    <subfield code="2">ddc</subfield>
    <subfield code="c">BK</subfield>
  </datafield>
  <datafield tag="999" ind1=" " ind2=" ">
    <subfield code="c">226456</subfield>
    <subfield code="d">226456</subfield>
  </datafield>
  <datafield tag="952" ind1=" " ind2=" ">
    <subfield code="0">0</subfield>
    <subfield code="1">0</subfield>
    <subfield code="2">ddc</subfield>
    <subfield code="4">0</subfield>
    <subfield code="7">0</subfield>
    <subfield code="8">HIN</subfield>
    <subfield code="a">AL</subfield>
    <subfield code="b">AL</subfield>
    <subfield code="d">2023-01-23</subfield>
    <subfield code="e">Vidya Vihar Govind Nagar Kanpur 208006</subfield>
    <subfield code="g">149.00</subfield>
    <subfield code="l">0</subfield>
    <subfield code="o">H891.4 KRIP</subfield>
    <subfield code="p">076333</subfield>
    <subfield code="r">2023-01-27 00:00:00</subfield>
    <subfield code="v">175.00</subfield>
    <subfield code="w">2023-01-27</subfield>
    <subfield code="y">BK</subfield>
  </datafield>
</record>
